000 00197nam a22000977a 4500
100 _aBrown, Dan
245 _aThe Dan Vinci Code
250 _a2009
260 _bRandom Group House
942 _2ddc
_cBK
999 _c11946
_d11946